00732nam a2200241 a 4500001001300000003000900013005001700022008004100039020002300080082001500103100001900118245003800137260004300175300000900218500003500227505002500262650002400287700001900311902000800330942000700338952012800345999001700473nice12345678IN_TiNIC20260116014026.0070320s2004 lona grp 000 0 eng  a0415173582 c29500a181.4bLEA aLeaman, Oliver aEastern Philosophyb Key Readings aLondon bRoutledge Chapman Hall c2004 a305p aincludes index and biblioraphy2 aGlossary, References aPhilosophy-Oriental1 aLeaman, Oliver bSRS cBK 001040708StackRoom-aHMIbHMId2007-03-20g295.00l2o181.4 LEAp021789r2019-09-19s2019-09-16v295.00w2007-03-20yBK c13559d13559